• 首页
  • 本馆介绍
  • 公告通知
  • 最新文献
  • 馆藏检索
  • 电子资源
  • 读者导购
  • 参考咨询
  • 我的图书馆
  • 登录
  • 详细信息显示
  • 放入我的书架
  • 预约/预借图书
  • 作者相关作品
  • 分类相关作品
  • 丛书相关作品
  • 出版社相关作品

书目信息

  • 表格格式
  • 工作单格式
  • 卡片格式
题名:
公路竖曲线测设用表
    
 
作者: ;交通部第二公路勘察设计院 编
分册:  
出版信息: 北京   人民交通出版社  1975
页数: 66页
开本: 19cm
丛书名:
单 册:
中图分类: U412.3-64
科图分类:
主题词: 公路线形-曲线--设计--表解 , 曲线-公路线形--设计--表解
电子资源:
ISBN:
000 00744nam0 2200241 45
001 0175002387
005 20060810160554.42
010    @dCNY0.20
091    @a15044.1551
100    @a19951021d1975 em y0chiy0121 ea
101 0  @achi
102    @aCN@b110000
105    @aa z 000yy
200 10 @a公路竖曲线测设用表@Agong lu shu qu xian ce she yong biao@f交通部第二公路勘察设计院编
210    @a北京@c人民交通出版社@d1975
215    @a66页@d19cm
606    @a公路线形-曲线@x设计@x表解
606    @a曲线-公路线形@x设计@x表解
690    @aU412.3-64@v3
711 02 @a交通部第二公路勘察设计院@Ajiao tong bu di er gong lu kan cha she ji yuan@4编
801  0 @aCN@bTSSF@c20060810
801  2 @aCN@bNLC@c20060805
905    @a10447@dU412.3-64@e160
    
    公路竖曲线测设用表/交通部第二公路勘察设计院编.-北京:人民交通出版社,1975
    66页;19cm
    
    
    ISBN :CNY0.20
    
●
相关链接 在E读中查询图书 在五车中查询图书 在当当中查询图书 在豆瓣中查询图书


正题名:公路竖曲线测设用表     索取号:U412.3-64/160         预约/预借

序号 登录号 条形码 馆藏地/架位号 状态 备注
1 0451635   204516354   密集书库/ [索取号:U412.3-64/160] 在馆    
2 0452183   204521838   密集书库/ [索取号:U412.3-64/160] 在馆    
唐山师范学院图书馆 欢迎您!
大连网信软件有限公司© 版权所有